|
|
|
|
| LEADER |
00000nab a2200000 a 4500 |
| 001 |
vtls000170656 |
| 003 |
SK-MaSNL |
| 005 |
20260303073153.0 |
| 008 |
160215c1984 xo 0 slo |
| 015 |
|
|
|a SNBRB19rr/mm-uuuuu
|
| 035 |
|
|
|a CL0180767
|
| 040 |
|
|
|a SNKBUCL
|b slo
|c SNKBUCL
|e AACR2
|
| 041 |
0 |
|
|a slo
|
| 044 |
|
|
|a xo
|c SK
|
| 080 |
|
|
|a 78.071.1:782
|2 1981
|
| 080 |
|
|
|a 782
|2 1981
|
| 080 |
|
|
|a 82
|2 1981
|
| 080 |
|
|
|a 929
|2 1981
|
| 080 |
|
|
|a 885.4
|2 1981
|
| 080 |
|
|
|a 929 Krčméry-Vrteľová, Jela
|2 1981
|
| 080 |
|
|
|a 82.035(=854)
|2 1981
|
| 100 |
1 |
|
|a J.B.M.
|4 aut
|9 922182
|
| 245 |
1 |
0 |
|a Jela Krčméry-Vrteľová
|b Operná jubilantka
|c J.B.M.
|
| 300 |
|
|
|b Obr. 1.
|
| 600 |
1 |
7 |
|a Krčméry-Vrteľová, Jela,
|d 1924-2021
|2 snkbucl
|9 107910
|
| 655 |
|
7 |
|a články z novín a časopisov
|2 snkbucl
|9 267496
|
| 655 |
|
7 |
|a články z odboru literárna veda a krásna literatúra
|2 snkbucl
|9 770045
|
| 773 |
0 |
|
|t Ľud
|g Roč. 37, č. 6 (7. 1. 1984), s. 4
|
| 850 |
|
|
|a Slovenská národná knižnica v Martine
|a MTA001
|
| 852 |
|
|
|a SNK
|b KIS3GCP
|
| 958 |
|
|
|a BX
|
| 958 |
|
|
|a RK
|
| 958 |
|
|
|a LX
|
| 992 |
|
|
|a RBX
|
| 999 |
|
|
|c 1766795
|d 1768725
|